000 00322 a2200133 4500
005 20250419082846.0
020 _a978-0-7088-9839-0
082 _a808 WHT
100 _aWHITEHEAD, C.
245 _aThe Underground Railroad
260 _aLondon,
_bFleet,
_c2016.
300 _a306p., picture,
_c23cm.
942 _2ddc
_cBKS
999 _c1583
_d1583